| 000 | 00749nam a2200229 a 4500 | ||
|---|---|---|---|
| 001 | sjdsz9mscp b4655427 | ||
| 003 | sjds | ||
| 005 | 20180524175230.0 | ||
| 008 | eng | ||
| 020 | _a9780545698313 (pbk.) | ||
| 020 | _a0545698316 (pbk.) | ||
| 040 | _csjds | ||
| 041 |
_aspa _heng |
||
| 100 | _aArnold, Ted. | ||
| 245 | 0 | _aUna mascota para Hombre Mosca. / Tedd Arnold ; translated by J.P. Lombana. | |
| 260 |
_aNew York : _bScholastic, _c2014. |
||
| 300 |
_a30 unnumbered pages : _bcolor illustrations ; _c26 cm. |
||
| 440 | _aScholastic en espaƱol | ||
| 500 | _aOriginally published in English as A pet for Fly Guy. First Spanish printing, September 2014. | ||
| 700 | _aLombana, Jose Pablo | ||
| 942 | _cBK | ||
| 999 |
_c20783 _d20783 |
||